[Event "POL-chT9 B3 corr"]
[Site "Poland"]
[Date "1992.??.??"]
[Round "?"]
[White "Jankowski, Jerzy"]
[Black "Szymanski, Jozef"]
[Result "1-0"]
[WhiteElo "2000"]
[BlackElo "2175"]
[PlyCount "53"]
[EventDate "1992.??.??"]
[EventType "tourn (corr)"]
[EventRounds "10"]
[EventCountry "POL"]
[SourceTitle "Corr 2000"]
[Source "ChessBase"]
[SourceDate "2000.04.19"]
[SourceVersion "1"]
[SourceVersionDate "2000.04.19"]
[SourceQuality "1"]

1. c4 Nf6 2. Nc3 g6 3. g3 Bg7 4. Bg2 0-0 5. Nf3 d5 6. Qb3 dxc4 7. Qxc4 c6 8. 0-0 Na6 9. d3 Be6 10. Qh4 Qb6 11. Be3 Qd8 12. Ng5 Bd5 13. Nxd5 cxd5 14. Bd4 h5 15. h3 Ne8 16. g4 Nd6 17. Bxg7 Kxg7 18. gxh5 Nf5 19. Qf4 Qc7 20. Qxc7 Nxc7 21. hxg6 Kxg6 22. Rfc1 Ne8 23. Nf3 Rd8 24. Rc5 f6 25. Rac1 Nfd6 26. Nd4 a6 27. Ne6 1-0

[Event "POL-chT9 B3 corr"]
[Site "Poland"]
[Date "1992.??.??"]
[Round "?"]
[White "Klimaszewska, Kamila"]
[Black "Szymanski, Jozef"]
[Result "1/2-1/2"]
[WhiteElo "1830"]
[BlackElo "2175"]
[PlyCount "74"]
[EventDate "1992.??.??"]
[EventType "tourn (corr)"]
[EventRounds "10"]
[EventCountry "POL"]
[SourceTitle "Corr 2000"]
[Source "ChessBase"]
[SourceDate "2000.04.19"]
[SourceVersion "1"]
[SourceVersionDate "2000.04.19"]
[SourceQuality "1"]

1. e4 e5 2. Nf3 Nc6 3. c3 Nf6 4. d4 Nxe4 5. d5 Nb8 6. Nxe5 Bc5 7. Qg4 0-0 8. Qxe4 d6 9. Bd3 f5 10. Qc4 b5 11. Qxb5 Qe7 12. 0-0 dxe5 13. Bg5 Qd6 14. Qb3 Kh8 15. Nd2 Nd7 16. Rad1 Qg6 17. Be3 Rb8 18. Qc2 e4 19. Bc4 f4 20. Bxc5 Nxc5 21. f3 Bh3 22. Nb3 Nxb3 23. axb3 Bf5 24. fxe4 Bxe4 25. Bd3 Qb6+ 26. Qf2 Bxd5 27. b4 Rbd8 28. Bc2 g5 29. Rd4 f3 30. g3 Bc6 31. Rfd1 Rde8 32. Bd3 Re5 33. Bf1 Kg8 34. g4 Rf7 35. Ra1 a5 36. bxa5 Rxa5 37. Re1 Bb5 1/2-1/2

[Event "POL-chT9 B3 corr"]
[Site "Poland"]
[Date "1992.??.??"]
[Round "?"]
[White "Otrocki, Juliusz"]
[Black "Szymanski, Jozef"]
[Result "1/2-1/2"]
[WhiteElo "2000"]
[BlackElo "2175"]
[PlyCount "48"]
[EventDate "1992.??.??"]
[EventType "tourn (corr)"]
[EventRounds "10"]
[EventCountry "POL"]
[SourceTitle "Corr 2000"]
[Source "ChessBase"]
[SourceDate "2000.04.19"]
[SourceVersion "1"]
[SourceVersionDate "2000.04.19"]
[SourceQuality "1"]

1. d4 Nf6 2. c4 g6 3. Nc3 d5 4. cxd5 Nxd5 5. e4 Nxc3 6. bxc3 Bg7 7. Bc4 0-0 8. Ne2 c5 9. 0-0 Nc6 10. Be3 Bg4 11. f3 Na5 12. Bxf7+ Rxf7 13. fxg4 Rxf1+ 14. Kxf1 Qd6 15. h3 Qe6 16. Qd3 Qc4 17. Qxc4+ Nxc4 18. Bf4 Rf8 19. Ke1 cxd4 20. cxd4 Bxd4 21. Rc1 b5 22. Nxd4 Rxf4 23. Nxb5 Rxe4+ 24. Kf2 a6 1/2-1/2